Embers of the Past : Essays in Times of Decolonization /
A leading Latin Americanist exhorts scholars to reclaim the indigenous subjectivities still perceived by many as ""not modern"" and excluded from the production, distribution, and organization of knowledge.
| Main Author: | |
|---|---|
| Other Authors: | |
| Format: | Electronic eBook |
| Language: | Inglés Español |
| Published: |
Durham :
Duke University Press,
2013.
|
| Series: | Book collections on Project MUSE.
|
| Subjects: | |
| Online Access: | Texto completo |
MARC
| LEADER | 00000cam a22000004a 4500 | ||
|---|---|---|---|
| 001 | musev2_69207 | ||
| 003 | MdBmJHUP | ||
| 005 | 20230905051142.0 | ||
| 006 | m o d | ||
| 007 | cr||||||||nn|n | ||
| 008 | 130910s2013 ncu o 00 0 eng d | ||
| 020 | |a 9780822378815 | ||
| 020 | |z 9780822354765 | ||
| 020 | |z 9780822354444 | ||
| 035 | |a (OCoLC)1139840823 | ||
| 040 | |a MdBmJHUP |c MdBmJHUP | ||
| 041 | 1 | |a eng |h spa | |
| 100 | 1 | |a Sanjines C., Javier, |d 1948- |e author. | |
| 240 | 1 | 0 | |a Rescoldos del pasado. |l English |
| 245 | 1 | 0 | |a Embers of the Past : |b Essays in Times of Decolonization / |c Javier Sanjines C. ; translated by David Frye ; with a foreword by Walter Mignolo. |
| 264 | 1 | |a Durham : |b Duke University Press, |c 2013. | |
| 264 | 3 | |a Baltimore, Md. : |b Project MUSE, |c 2020 | |
| 264 | 4 | |c ©2013. | |
| 300 | |a 1 online resource (241 pages). | ||
| 336 | |a text |b txt |2 rdacontent | ||
| 337 | |a computer |b c |2 rdamedia | ||
| 338 | |a online resource |b cr |2 rdacarrier | ||
| 490 | 0 | |a Latin america otherwise | |
| 505 | 0 | 0 | |t Introduction: modernity in the balance, the "transgressive" essay, and decolonization ; Modernity in the balance ; The "leftward turn" in our societies ; The conflict over time and the "decolonial turn" ; The essay as a transgressive proposition ; The embers of the past -- |t The changing faces of historical time ; Tradition and revolution ; The experience of the past, the horizon of expectations, the resource of the "other" -- |t Is the nation an imagined community? ; Nationalism, nation, and ethnicity ; The nation : a contested concept ; Lettered culture ; The Brazil of Euclides da Cunha ; Mariátegui and the case of Peru ; The persistence of "then' within "now" ; On negativity : "multitude," "subalternity," and "pueblo" -- |t "Now time" : subaltern pasts and contested historicism ; the hidden face of modernity ; the need to "provincialize" Europe ; The "Time of the now" : messianism and redemption ; The secular and the supernatural ; On complementarity and reciprocity ; The problems of translation ; A "culture of integration" ; By way of conclusion -- |t The dimensions of the nation and the displacements of social metaphor in Bolivia ; The nation's developmentalist and pedagogical dimension ; The nation's two faces ; Metaphors about "national pedagogy" ; Deterritorialization and metaphors of flowing ; The metaphor of the amphibian ; plurinational state or intractable state? |
| 520 | |a A leading Latin Americanist exhorts scholars to reclaim the indigenous subjectivities still perceived by many as ""not modern"" and excluded from the production, distribution, and organization of knowledge. | ||
| 546 | |a English. | ||
| 588 | |a Description based on print version record. | ||
| 650 | 7 | |a Postkolonialism. |2 sao | |
| 650 | 7 | |a Etniska relationer. |2 sao | |
| 650 | 7 | |a Mångkulturella samhällen. |2 sao | |
| 650 | 7 | |a Kulturell mångfald. |2 sao | |
| 650 | 7 | |a Postcolonialism. |2 fast |0 (OCoLC)fst01073032 | |
| 650 | 7 | |a Multiculturalism. |2 fast |0 (OCoLC)fst01028836 | |
| 650 | 7 | |a Ethnic relations. |2 fast |0 (OCoLC)fst00916005 | |
| 650 | 7 | |a Cultural pluralism. |2 fast |0 (OCoLC)fst01715991 | |
| 650 | 7 | |a LITERARY CRITICISM |x Semiotics & Theory. |2 bisacsh | |
| 650 | 7 | |a SOCIAL SCIENCE |x Minority Studies. |2 bisacsh | |
| 650 | 7 | |a SOCIAL SCIENCE |x Discrimination & Race Relations. |2 bisacsh | |
| 650 | 7 | |a postcolonialism. |2 aat | |
| 650 | 7 | |a multiculturalism. |2 aat | |
| 650 | 6 | |a Postcolonialisme. | |
| 650 | 6 | |a Relations interethniques. | |
| 650 | 6 | |a Diversite culturelle. | |
| 650 | 6 | |a Multiculturalisme. | |
| 650 | 0 | |a Postcolonialism. | |
| 650 | 0 | |a Ethnic relations. | |
| 650 | 0 | |a Cultural pluralism. | |
| 650 | 0 | |a Multiculturalism. | |
| 655 | 7 | |a Electronic books. |2 local | |
| 700 | 1 | |a Mignolo, Walter, |e writer of foreword. | |
| 710 | 2 | |a Project Muse. |e distributor | |
| 830 | 0 | |a Book collections on Project MUSE. | |
| 856 | 4 | 0 | |z Texto completo |u https://projectmuse.uam.elogim.com/book/69207/ |
| 945 | |a Project MUSE - Custom Collection | ||


